JR東日本東京近郊路線図クイズ 漢字版 - Statistics

General Stats
  • This quiz has been taken 510 times
  • The average score is 275 of 379
Answers on the Map
Answers color-coded by a green-red scale on the quiz's map according to % correct below.
 
Answer Stats
山手線 % Correct
東京
98%
東京
98%
新宿
97%
品川
97%
上野
97%
上野
97%
渋谷
96%
神田
96%
神田
96%
池袋
95%
新橋
95%
横浜
95%
秋葉原
95%
秋葉原
95%
大崎
94%
高輪ゲートウェイ
94%
大宮
94%
日暮里
93%
有楽町
93%
御茶ノ水
93%
御徒町
93%
御徒町
93%
西日暮里
92%
新大久保
92%
恵比寿
92%
目黒
92%
三鷹
92%
立川
92%
八王子
92%
川崎
92%
浦和
92%
千葉
92%
巣鴨
91%
高田馬場
91%
代々木
91%
田町
91%
浜松町
91%
中野
91%
赤羽
91%
田端
90%
原宿
90%
五反田
90%
鶯谷
90%
鶯谷
90%
目白
89%
四ツ谷
89%
国分寺
89%
高尾
89%
大船
89%
船橋
89%
南浦和
88%
水道橋
88%
西船橋
88%
武蔵小杉
88%
駒込
87%
大塚
87%
荻窪
86%
鶴見
86%
錦糸町
86%
西国分寺
85%
東神奈川
85%
蒲田
85%
舞浜
85%
青梅
84%
桜木町
84%
さいたま新都心
84%
飯田橋
84%
松戸
84%
府中本町
83%
逗子
83%
阿佐ヶ谷
82%
吉祥寺
82%
大井町
82%
新横浜
82%
東中野
82%
市ヶ谷
82%
新木場
82%
北千住
82%
戸塚
82%
高円寺
81%
北浦和
81%
大久保
81%
信濃町
81%
両国
81%
市川
81%
武蔵浦和
81%
葛西臨海公園
81%
81%
鎌倉
81%
横須賀
81%
西荻窪
80%
武蔵小金井
80%
八丁堀
80%
豊田
79%
大森
79%
国立
78%
王子
78%
橋本
78%
板橋
78%
海浜幕張
78%
南千住
78%
我孫子
78%
久里浜
78%
西八王子
77%
川口
77%
新小岩
77%
津田沼
77%
幕張
77%
十条
77%
取手
77%
綾瀬
77%
千駄ヶ谷
76%
新川崎
76%
西大井
76%
馬喰町
76%
武蔵境
75%
拝島
75%
奥多摩
75%
武蔵五日市
75%
東十条
75%
与野
75%
町田
75%
新松戸
75%
74%
小岩
74%
新日本橋
74%
日野
73%
浅草橋
73%
新浦安
73%
西浦和
73%
東戸塚
73%
関内
72%
東浦和
72%
戸田
71%
越中島
71%
南船橋
71%
越谷レイクタウン
71%
三河島
71%
保土ヶ谷
71%
尾久
71%
稲毛
70%
登戸
70%
浜川崎
70%
北鎌倉
70%
新子安
69%
西川口
69%
亀戸
69%
千葉みなと
69%
尻手
69%
亀有
69%
菊名
68%
幕張本郷
68%
戸田公園
68%
潮見
68%
東小金井
67%
磯子
67%
根岸
67%
金町
67%
本八幡
66%
西千葉
66%
与野本町
66%
吉川
66%
南越谷
66%
港南台
65%
上中里
65%
武蔵溝ノ口
65%
国道
65%
海芝浦
65%
天王台
65%
北松戸
65%
北柏
65%
西立川
64%
南柏
64%
石川町
63%
八王子みなみ野
63%
浮間舟渡
63%
北与野
63%
北朝霞
63%
東船橋
62%
北赤羽
62%
市川塩浜
62%
二俣新町
62%
船橋法典
62%
吉川美南
62%
山手
61%
東所沢
61%
洋光台
60%
新杉田
60%
新習志野
60%
長津田
59%
北戸田
59%
南与野
59%
検見川浜
59%
北府中
59%
馬橋
59%
本郷台
58%
平井
58%
稲毛海岸
58%
分倍河原
58%
東松戸
57%
新秋津
57%
武蔵中原
57%
相模原
56%
田浦
56%
小机
55%
新検見川
55%
三郷
55%
新座
55%
東青梅
54%
南流山
54%
東川口
53%
武蔵新城
53%
新芝浦
53%
大川
53%
衣笠
53%
福生
52%
大口
52%
新三郷
52%
八丁畷
52%
北小金
51%
東逗子
50%
昭島
49%
中山
49%
片倉
49%
下総中山
49%
中浦和
49%
新小平
49%
鹿島田
49%
新八柱
48%
稲田堤
48%
扇町
48%
稲城長沼
47%
安善
47%
河辺
45%
淵野辺
45%
市川大野
45%
西国立
45%
御嶽
44%
鴨居
44%
矢向
44%
武蔵白石
44%
軍畑
43%
相原
42%
谷保
42%
小田栄
42%
十日市場
40%
川崎新町
39%
羽村
38%
宿河原
38%
南多摩
38%
西府
38%
浅野
38%
秋川
37%
鶴見小野
37%
昭和
37%
東中神
36%
白丸
35%
成瀬
35%
弁天橋
35%
中神
34%
古淵
33%
平間
33%
向河原
33%
矢部
32%
東秋留
31%
武蔵引田
31%
中野島
31%
矢野口
31%
鳩ノ巣
29%
武蔵増戸
29%
津田山
29%
久地
29%
矢川
29%
小作
27%
熊川
24%
日向和田
22%
牛浜
21%
古里
21%
沢井
20%
川井
19%
宮ノ平
18%
二俣尾
16%
石神前
14%
No matching quizzes found
Score Distribution
Percent of People with Each Score
Percentile by Number Answered
Your Score History
You have not taken this quiz